000 00685nam a2200229Ii 4500
003 JO-AjNU
008 230605s9999||||xx |||||||||||||| ||und||
017 _a1310/7/2003
020 _a978-9957-07-112-2
040 _aJO-AjNU
_bara
_erda
_cJO-AjNU
041 _aara
050 1 4 _aRA790.A5238 2005
100 3 _aالعناني، حنان,
_eauthor
_942843
245 0 0 _aالصحة النفسية
250 _aط3
264 3 1 _aعمان: دار الفكر للنشر ، 2005
300 _a208ص
336 _atext
_btxt
_2rdacontent
337 _aunmediated
_bn
_2rdamedia
338 _avolume
_bnc
_2rdacarrier
650 4 _aالصحة النفسية -علم النفس
_942844
999 _aA18375
_c21943
_d21943